000 00859nam a2200229Ia 4500
001 L264-20339
003 IT-CnALBA
008 170116s9999||||xx |||||||||||||| ||und||
040 _aIT-CnALBA
_cIT-CnALBA
041 _aBILINGUE
100 _aSENZA AUTORE
245 0 _aMESSALE ROMANO FESTIVO. LATINO-ITALIANO.
250 _a1a ed.
260 _aCINISELLO BALSAMO (MI)
_bEDIZIONI PAOLINE
_c1939 [1° Ed.: n.d.]
300 _a907 p. (prefazione: 3)
500 _aPROPRIO DEL TEMPO. ORDINARIO DELLA MESSA. PROPRIO DEI SANTI. MESSE PER I DEFUNTI...
501 _aSocietà San Paolo EM - Piazza San Paolo, 14 - 12051 ALBA (CN) (non commercial uses only) ® Copyright 2017
520 _aPROPRIO DEL TEMPO. ORDINARIO DELLA MESSA. PROPRIO DEI SANTI. MESSE PER I DEFUNTI...
650 _aCULTO PUBBLICO LITURGIA
942 _cBK
957 _71
999 _a25077
_bSI
_g Copie: 1
_c279457
_d279457